| 000 | 00743nam a22001937a 4500 | ||
|---|---|---|---|
| 005 | 20100730120333.0 | ||
| 010 | _aENG-97163 | ||
| 020 |
_a8190148125 _c400.00 |
||
| 035 | _aEN-80696 | ||
| 037 | _bDBAD/PUB | ||
| 082 | _a398 | ||
| 245 |
_aVoicing folklore careers, concerns and issues: _ba collection of interviews / _cedited by M. D. Muthukumaraswamy |
||
| 260 |
_aChennai _bNational Folklore Support Centre _c2002 |
||
| 270 |
_a7, 5th Cross Street, Rajalakshmii Nagar, Velachery _bChennai _e600042 |
||
| 300 |
_a257p. _c28cm (pbk) _ephotos |
||
| 700 |
_aMuthukumaraswamy, M. D. _92579 |
||
| 942 |
_2ddc _cEN _h398 _mVOI |
||
| 999 |
_c38220 _d38220 |
||